000 00574nam a2200229Ia 4500
003 OSt
005 20220924135510.0
006 a|||||r|||| 00| 0
007 ta
008 220923b |||||||| |||| 00| 0 ben d
024 _a291397
037 _cTextual
040 _aARTS
_cARTS
_bben
041 _2ben
_aben
082 _aO152,1I83x, 157M0
100 _aSoordas
_9210395
245 0 _aSoordas sanchayita
260 _c2006
650 _aHINDI LITERATURE
_923866
942 _hO152,1I83x, 157M0
_cTEXL
_2CC
999 _c440879
_d440879